Welcome to the Holygrace Academy Library

Please use search bar below to get started

UKRAINUM TAIWANUM (Record no. 6983)

MARC details
000 -LEADER
fixed length control field 00336nam a22001337a 4500
020 ## - INTERNATIONAL STANDARD BOOK NUMBER
ISBN 978-93-5482-593-4
082 ## - DEWEY DECIMAL CLASSIFICATION NUMBER
Classification number 894.812
Item number BAI/U
100 ## - MAIN ENTRY--AUTHOR NAME
Personal name NAIR, BAIJU N
245 ## - TITLE STATEMENT
Title UKRAINUM TAIWANUM
Remainder of title RANDU RAJYANGAL VATHYASTHA LOKANGAL
260 ## - PUBLICATION, DISTRIBUTION, ETC. (IMPRINT)
Place of publication KOTTAYAM
Name of publisher DC BOOKS
Year of publication 2023
300 ## - PHYSICAL DESCRIPTION
Number of Pages 157
650 ## - SUBJECT ADDED ENTRY--TOPICAL TERM
Topical Term MALAYALAM TRAVELOGUE
942 ## - ADDED ENTRY ELEMENTS (KOHA)
Koha item type Books
Holdings
Withdrawn status Lost status Collection code Home library Current library Shelving location Date acquired Source of acquisition Cost, normal purchase price Full call number Accession Number Koha item type
    Non-fiction Main Library Main Library NEW SHELF WITH NEW ENTRY 26/10/2023 purchase 240.00 894.812 BAI/U 13156 Books